Statistics for The Witcher Franchise

Click here to take the quiz!

General Stats

  • This quiz has been taken 71 times
  • The average score is 17 of 34

Answer Stats

TypeYearNameInfo% Correct
Film2001The HexerVision Film Distribution
96%
TV Show2002The HexerTelewizja Polska
96%
Web Series2019-PresentThe WitcherNetflix
96%
Short Story1993The WitcherAndrzej Sapkowski
96%
Video Game2007The WitcherAtari / CD Projekt
96%
Video Game2011The Witcher 2: Assassins of KingsCD Projekt
91%
Video Game2015The Witcher 3: Wild HuntCD Projekt Red
91%
Short Story Collection1993The Last WishAndrzej Sapkowski
77%
Short Story1993The Last WishAndrzej Sapkowski
77%
Short Story Collection1992Sword of DestinyAndrzej Sapkowski
67%
Short Story1992Sword of DestinyAndrzej Sapkowski
67%
Novel1994Blood of ElvesAndrzej Sapkowski
61%
Video Game2018Gwent: The Witcher Card GameCD Projekt
61%
Novel1999The Lady of the LakeAndrzej Sapkowski
58%
Novel1995Time of ContemptAndrzej Sapkowski
56%
Video Game Expansion Pack2016The Witcher 3: Wild Hunt - Blood and WineCD Projekt
53%
Novel1996Baptism of FireAndrzej Sapkowski
51%
Video Game Expansion Pack2015The Witcher 3: Wild Hunt - Hearts of StoneCD Projekt
49%
Novel1997The Tower of the SwallowAndrzej Sapkowski
47%
Novel2013Season of StormsAndrzej Sapkowski
44%
Video Game2018Thronebreaker: The Witcher TalesCD Projekt
42%
Short Story1993The Lesser EvilAndrzej Sapkowski
28%
Short Story1993A Grain of TruthAndrzej Sapkowski
26%
Short Story1992Something MoreAndrzej Sapkowski
26%
Short Story1993The Edge of the WorldAndrzej Sapkowski
26%
Short Story1993The Voice of ReasonAndrzej Sapkowski
21%
Short Story1992A Little SacrificeAndrzej Sapkowski
19%
Board Game2014The Witcher Adventure GameCD Projekt Red / Fantasy Flight Games
19%
Video Game2014The Witcher Adventure GameCD Projekt Red
19%
Short Story1992A Shard of IceAndrzej Sapkowski
18%
Short Story1993A Question of PriceAndrzej Sapkowski
14%
Short Story1992Eternal FlameAndrzej Sapkowski
12%
Short Story1992The Bounds of ReasonAndrzej Sapkowski
11%
Video Game2015The Witcher Battle ArenaCD Projekt Red
5%

Score Distribution

Percentile by Number Answered

Percent of People with Each Score

Your Score History

You have not taken this quiz